000 00569nam a2200229Ia 4500
003 OSt
005 20220924145933.0
006 a|||||r|||| 00| 0
007 ta
008 220923b |||||||| |||| 00| 0 kan d
024 _a330995
037 _cTextual
040 _aARTS
_cARTS
_bkan
041 _2kan
_akan
082 _aO33,1:g, P1.1-.2
100 _aR. Rachappa
_9220903
245 0 _aSamakarsha
260 _c2002
650 _aKANNAD LITERATURE
942 _hO33,1:g, P1.1-.2
_cTEXL
_2CC
999 _c461694
_d461694